| 000 | 01080nam a22003257a 4500 | ||
|---|---|---|---|
| 003 | CHAP | ||
| 005 | 20220329141230.0 | ||
| 008 | 971010s1981 r 00010 d | ||
| 010 | _a64829 | ||
| 011 | _a65801 | ||
| 035 | _a73198 | ||
| 040 | _cCHAP | ||
| 082 | 0 | 4 |
_a001.6424 _bD38y |
| 100 | 0 | 0 |
_aDavis, William S. _931302 |
| 245 | 1 | 0 | _aIniciación en Fortran |
| 260 |
_aMéxico, D. F. : _bFondo Educativo Interamericano, _c1981 |
||
| 300 |
_a205 p. _b: ilus |
||
| 590 |
_aBATCH-UPD _b10 _c20130110 _lUCH01 _h0208 |
||
| 590 |
_aBATCH-UPD _b10 _c20130110 _lUCH01 _h1936 |
||
| 590 |
_aBATCH-UPD _b10 _c20130409 _lUCH01 _h2221 |
||
| 590 |
_aBATCH-UPD _b10 _c20130410 _lUCH01 _h1300 |
||
| 590 |
_aBATCH-UPD _b10 _c20130914 _lUCH01 _h1137 |
||
| 590 |
_aCONVERSION _b10 _c20130109 _lUCH01 _h1335 |
||
| 650 | 4 |
_aFORTRAN (Programación) _942651 |
|
| 650 | 4 |
_aLenguajes de programación. _965989 |
|
| 901 | _aBK | ||
| 942 | _cLIBRO | ||
| 949 |
_a001.6424 D38y _bBC _cLIBRO _d33724000290631 _eLIBRO _h66807 _i73198 _si |
||
| 949 |
_a001.6424 D38y _bBC _cLIBRO _d33724000290763 _eLIBRO _fc.2 _h68808 _i73198 _si |
||
| 999 |
_c64829 _d64829 |
||